Seslerde Başka Sesler : Öyküler (Record no. 3169)

000 -LEADER
fixed length control field 00405nam a22001577a 4500
008 - FIXED-LENGTH DATA ELEMENTS--GENERAL INFORMATION
fixed length control field 190321b ||||| |||| 00| | eng d
020 ## - INTERNATIONAL STANDARD BOOK NUMBER
International Standard Book Number 9755107649
041 ## - LANGUAGE CODE
Language code of text/sound track or separate title Türkçe
050 ## - LIBRARY OF CONGRESS CALL NUMBER
Classification number PL248.D845
100 ## - MAIN ENTRY--PERSONAL NAME
9 (RLIN) 969
Personal name Duman, Faruk
245 ## - TITLE STATEMENT
Title Seslerde Başka Sesler : Öyküler
260 ## - PUBLICATION, DISTRIBUTION, ETC.
Place of publication, distribution, etc. İstanbul:
Name of publisher, distributor, etc. Can Yayınları,
Date of publication, distribution, etc. 1997
300 ## - PHYSICAL DESCRIPTION
Extent 102 Sayfa
650 #0 - SUBJECT ADDED ENTRY--TOPICAL TERM
9 (RLIN) 145
Topical term or geographic name entry element Türk Edebiyatı
942 ## - ADDED ENTRY ELEMENTS (KOHA)
Source of classification or shelving scheme
Koha item type Books
Holdings
Withdrawn status Lost status Source of classification or shelving scheme Damaged status Not for loan Permanent Location Current Location Shelving location Date acquired Full call number Barcode Date last seen Price effective from Koha item type
        Ödünç verilemez İmren Ahmet Tüzün Kütüphanesi İmren Ahmet Tüzün Kütüphanesi Ahmet Tüzün 2019-03-21 PL248.D845 100100003166 2019-03-21 2019-03-21 Books

This software was implemented, installed and managed by Devinim Software Training Consulting .